Dr. S. R. Lasker Library Online Catalogue

Home      Library Home      Institutional Repository      E-Resources      MyAthens      EWU Home

Reading by all means : (Record no. 2774)

MARC details
000 -LEADER
fixed length control field 01219cam a2200337 a 4500
001 - CONTROL NUMBER
control field 2274
003 - CONTROL NUMBER IDENTIFIER
control field BD-DhEWU
005 - DATE AND TIME OF LATEST TRANSACTION
control field 20141204151525.0
008 - FIXED-LENGTH DATA ELEMENTS--GENERAL INFORMATION
fixed length control field 890315s1990 maua g 000 0 eng d
020 ## - INTERNATIONAL STANDARD BOOK NUMBER
International Standard Book Number 0201503522
International Standard Book Number 9780201503524
035 ## - SYSTEM CONTROL NUMBER
System control number (OCoLC)19515222
040 ## - CATALOGING SOURCE
Original cataloging agency DLC
Transcribing agency DLC
Modifying agency DLC
-- BD-DhEWU
Language of cataloging eng
041 ## - LANGUAGE CODE
Language code of text/sound track or separate title eng
050 00 - LIBRARY OF CONGRESS CALL NUMBER
Classification number PE1122
Item number .D78 1990
082 04 - DEWEY DECIMAL CLASSIFICATION NUMBER
Classification number 428.64
Edition number 20
Item number DUR 1990
100 1# - MAIN ENTRY--PERSONAL NAME
Personal name Dubin, Fraida.
9 (RLIN) 15971
245 10 - TITLE STATEMENT
Title Reading by all means :
Remainder of title reading improvement strategies for English language learners /
Statement of responsibility, etc Fraida Dubin and Elite Olshtain.
250 ## - EDITION STATEMENT
Edition statement New ed.
260 ## - PUBLICATION, DISTRIBUTION, ETC. (IMPRINT)
Place of publication, distribution, etc Reading, Mass. :
Name of publisher, distributor, etc Addison-Wesley,
Date of publication, distribution, etc c1990.
300 ## - PHYSICAL DESCRIPTION
Extent xiv, 206 p. :
Other physical details ill. ;
Dimensions 24 cm.
526 ## - STUDY PROGRAM INFORMATION NOTE
Program name English
590 ## - LOCAL NOTE (RLIN)
Local note Sagar Shahanawaz
650 #0 - SUBJECT ADDED ENTRY--TOPICAL TERM
Topical term or geographic name as entry element College readers.
9 (RLIN) 6368
Topical term or geographic name as entry element Reading comprehension
General subdivision Problems, exercises, etc.
9 (RLIN) 18883
Topical term or geographic name as entry element English language
General subdivision Textbooks for foreign speakers.
9 (RLIN) 18884
700 1# - ADDED ENTRY--PERSONAL NAME
Personal name Olshtain, Elite.
9 (RLIN) 15974
856 42 - ELECTRONIC LOCATION AND ACCESS
Materials specified WorldCat details
Uniform Resource Identifier http://www.worldcat.org/title/reading-by-all-means-reading-improvement-strategies-for-english-language-learners/oclc/19515222&referer=brief_results
942 ## - ADDED ENTRY ELEMENTS (KOHA)
Source of classification or shelving scheme Dewey Decimal Classification
Koha item type Text
Holdings
Withdrawn status Lost status Source of classification or shelving scheme Damaged status Not for loan Collection code Home library Current library Shelving location Date acquired Cost, normal purchase price Total Checkouts Full call number Barcode Copy number Koha item type
    Dewey Decimal Classification   Not For Loan Non-fiction Dr. S. R. Lasker Library, EWU Dr. S. R. Lasker Library, EWU Reserve Section 17/05/1997 0.00   428.64 DUR 1990 819 C-1 Text